Generál Čomba si už polievku prihrievať nebude Letecká vojenská nemocnica sa o ústavných činiteľov predsa postará

Bibliographic Details
Main Author: jsl (Author)
Corporate Author: Letecká vojenská nemocnica (Košice, Slovensko) (Author)
Format: Article
Language:Slovak
PhysicalDescription:1 obr.
Subjects:

MARC

LEADER 00000nab a2200000 a 4500
001 vtls000906306
003 SK-MaSNL
005 20260302172253.0
008 040720e20010418xo 0 slo
035 |a KE15249 
040 |a KEVKJB  |b slo  |c KEVKJB  |e AACR2 
041 0 |a slo 
044 |a xo  |c SK 
080 |a 355.721  |2 1981 
100 0 |a jsl  |4 aut  |9 877897 
245 1 0 |a Generál Čomba si už polievku prihrievať nebude  |b Letecká vojenská nemocnica sa o ústavných činiteľov predsa postará 
300 |b 1 obr. 
610 2 7 |a Letecká vojenská nemocnica (Košice, Slovensko)  |2 KEVKJB  |9 29974 
610 2 7 |a Vojenská nemocnica  |2 KEVKJB  |9 877898 
650 0 7 |a nemocnice  |2 KEVKJB  |9 3008 
650 0 7 |a kategorizácia  |2 KEVKJB  |9 300616 
650 0 7 |a informácie  |2 KEVKJB  |9 1285 
651 7 |a Košice (Slovensko)  |2 KEVKJB  |9 18694 
651 7 |a KE,  |2 KEVKJB  |9 877256 
655 7 |a periodikum  |2 snkbucl  |9 29553 
710 2 |a Letecká vojenská nemocnica (Košice, Slovensko)  |4 aut  |9 29974 
773 0 8 |t Košický večer  |g Roč. 12  |g Roč. 33, č.75, 18.4.2001, s. 3 
852 |a ZVYKNI  |b KIS3GCP 
999 |c 1398345  |d 1400275